00214nam a2200085Ia 4500008004100000100002200041245001900063260003800082300000800120201217s9999 xx 000 0 und d aBross, Steward R. 0aOcean Shipping aCambridgebCornell Maritime Press a333